An introduction to Private Finance Initiatives (Record no. 112525)

MARC details
000 -LEADER
fixed length control field 00795cad a22001935a 4500
001 - CONTROL NUMBER
control field L153455
008 - FIXED-LENGTH DATA ELEMENTS--GENERAL INFORMATION
fixed length control field 110729s2006 xxk 000 0 eng u
035 ## - SYSTEM CONTROL NUMBER
System control number (Sirsi) u153455
110 ## - MAIN ENTRY--CORPORATE NAME
Corporate name or jurisdiction name as entry element United Kingdom
Subordinate unit Department of Trade and Industry
245 03 - TITLE STATEMENT
Title An introduction to Private Finance Initiatives
Remainder of title PFI
Medium [electronic resource]
260 ## - PUBLICATION, DISTRIBUTION, ETC.
Place of publication, distribution, etc. [S.l.]
Name of publisher, distributor, etc. DTI
Date of publication, distribution, etc. 2006
490 #0 - SERIES STATEMENT
Series statement URN
Volume/sequential designation 06/896
520 ## - SUMMARY, ETC.
Summary, etc. Explains the characteristics of PFIs which are an approach the Government sometimes uses to procure construction projects and other services.
650 ## - SUBJECT ADDED ENTRY--TOPICAL TERM
Topical term or geographic name entry element PRIVATE FINANCE INITIATIVES
651 #4 - SUBJECT ADDED ENTRY--GEOGRAPHIC NAME
Geographic name United Kingdom
Chronological subdivision
690 ## - LOCAL SUBJECT ADDED ENTRY--TOPICAL TERM (OCLC, RLIN)
Topical term or geographic name as entry element BUILT ENVIRONMENT-CONSTRUCTION MARKET
856 40 - ELECTRONIC LOCATION AND ACCESS
Uniform Resource Identifier <a href="https://www.bis.gov.uk/files/file26067.pdf">https://www.bis.gov.uk/files/file26067.pdf</a>
Public note View this item free of charge at www.bis.gov.uk
942 ## - ADDED ENTRY ELEMENTS (KOHA)
Suppress in OPAC 0
Holdings
Withdrawn status Lost status Source of classification or shelving scheme Damaged status Not for loan Home library Current library Shelving location Date acquired Total Checkouts Full call number Barcode Date last seen Copy number Price effective from Koha item type
    Dewey Decimal Classification     Virtual Virtual Online 29/07/2011   ONLINE PUBLICATION 153455-2001 06/08/2019 1 06/08/2019 Book